|
|
|
|
| LEADER |
00000cam a2200000 7i4500 |
| 001 |
0000002337 |
| 005 |
20030528.0 |
| 020 |
0 |
0 |
|a 9814068535
|
| 090 |
0 |
0 |
|a 634.909595
|b GRE 2002
|
| 245 |
0 |
0 |
|a GREEN Malaysia :
|b rainforest encounters
|
| 260 |
0 |
0 |
|a Kuala Lumpur :
|b Malaysian Timber Council ,
|c 2002
|
| 300 |
|
|
|a 197 p. :
|b col. ill. ;
|c 29 cm.
|
| 500 |
0 |
0 |
|a Includes bibliographical references and index
|
| 650 |
0 |
0 |
|a Forests and forestry
|z Malaysia
|
| 650 |
0 |
0 |
|a Rain forests
|z Malaysia
|
| 710 |
1 |
1 |
|a Malaysian Timber Council
|
| 998 |
|
|
|a JPSM
|
| 999 |
|
|
|a 0000004154
|b Monograph
|c Open Shelf
|e Default branch
|
| 999 |
|
|
|a 0000005070
|b Monograph
|c Reference
|e Default branch
|
| 999 |
|
|
|a 000005070
|b Monograph
|c Reference
|e Default branch
|